1646 1708 1989 1912 1177 1112 1153 1476 1999 1998 1490 1686 1642 1374 1480 1965 1309 1869 1476 1682 1147 1656 1926 1106 1720 1898 1420 1947 1680 1675 1565 1286 1311 1171 1936 1441 1647 1383 1229 1497 1593 1158 1978 1076 1425 1819 1390 1864 1260 1489 1888 1279 1027 1107 1151 1205 1999 1759 1469 1634 1585 1884 1558 1677 1783 1014 1095 1205 1956 1380 1918 1852 1950 1892 1444 1313 1979 1003 1945 1354 1846 1397 1662 1065 1916 1724 1031 1749 1184 1400 1166 1658 1911 1682 1342 1581 1405 1129 1581 BCNSPRNW ULIB Ver.6.0+V

เปลี่ยนเป็นภาษาไทย

Change to English
 แสดงรายละเอียดบรรณานุกรม
  กลับหน้าหลัก

Brief Record : Get Marc (ISO 2709) : E-mail record : QR code < ปิดหน้าต่าง
LEADER : 00000nam 2200000uu 4500
001    13399127628
003     ULIB
008    210311s2563||||th 000 0 tha d
020    ^a9786164434141
060    ^aWY152.5^bม647
100    ^aสุวรรณี สิริเลิศตระกูล,^eบรรณาธิการ
245    ^aมาตรฐานการปฏิบัติการพยาบาลคลินิก : การดูแลผู้ป่วยคาสายสวนหลอดเลือดดำส่วนกลาง =^bStandard of clinical nursing practice : central venous access devices care /^cบรรณาธิการโดย สุวรรณี สิริเลิศตระกูล, วัลลภัทร์ จันทร์ขจร.
250    ^aพิมพ์ครั้งที่ 1
260    ^aกรุงเทพฯ :^bองค์กรการบริหารการพยาบาล คณะแพทยศาสตร์โรงพยาบาลรามาธิบดี มหาวิทยาลัยมหิดล,^c2563
300    ^a99 หน้า^bภาพประกอบ
650    ^aการใช้สายสวนหลอดเลือดดำส่วนกลาง -- การพยาบาล
650    ^aการใช้สายสวนหลอดเลือดดำส่วนกลาง -- วิธีการ
650    ^aการปฏิบัติการพยาบาลคลินิก^xมาตรฐาน
650    ^aผู้ป่วยคาสายสวนหลอดเลือดดำส่วนกลาง^xการดูแล
700    ^aวัลลภัทร์ จันทร์ขจร,^eบรรณาธิการ
710    ^aมหาวิทยาลัยมหิดล.^bคณะแพทยศาสตร์โรงพยาบาลรามาธิบดี.
945    ^p400^l0^i007933
945    ^p400^l0^i007934
945    ^p400^l0^i007935
945    ^p400^l0^i007936
945    ^p400^l0^i007937
945    ^p400^l0^i007938
945    ^p400^l0^i007939
945    ^p400^l0^i007940
945    ^p400^l0^i007941
945    ^p400^l0^i007942
999    ^aประนอม เกษจรัล
รายการนี้ยังไม่มีแท็ก
คุณยังไม่ได้ล็อกอิน คุณสามารถมีกิจกรรมร่วมกับเว็บไซต์ได้ แต่ต้องล็อกอินก่อน ::
  ล็อกอิน

รายการสื่อสารสนเทศ

ลำดับที่ ประเภท เลขเรียก/บาร์โค้ด สถานที่ สถานะ
1. Book การพยาบาล
หนังสือสำรอง
สถานะ=หนังสือสำรอง
WY152.5 ม647 ฉ.1 
  Barcode: 007933
ห้องสมุดวิทยาเขตสวรรค์ประชารักษ์
►หนังสือทั่วไป
บนชั้น
2. Book การพยาบาล
Book การพยาบาล
WY152.5 ม647 ฉ.10 
  Barcode: 007942
ห้องสมุดวิทยาเขตสวรรค์ประชารักษ์
►หนังสือทั่วไป
บนชั้น
3. Book การพยาบาล
Book การพยาบาล
WY152.5 ม647 ฉ.2 
  Barcode: 007934
ห้องสมุดวิทยาเขตสวรรค์ประชารักษ์
►หนังสือทั่วไป
บนชั้น
4. Book การพยาบาล
Book การพยาบาล
WY152.5 ม647 ฉ.3 
  Barcode: 007935
ห้องสมุดวิทยาเขตสวรรค์ประชารักษ์
►หนังสือทั่วไป
บนชั้น
5. Book การพยาบาล
Book การพยาบาล
WY152.5 ม647 ฉ.4 
  Barcode: 007936
ห้องสมุดวิทยาเขตสวรรค์ประชารักษ์
►หนังสือทั่วไป
บนชั้น
6. Book การพยาบาล
Book การพยาบาล
WY152.5 ม647 ฉ.5 
  Barcode: 007937
ห้องสมุดวิทยาเขตสวรรค์ประชารักษ์
►หนังสือทั่วไป
บนชั้น
7. Book การพยาบาล
Book การพยาบาล
WY152.5 ม647 ฉ.6 
  Barcode: 007938
ห้องสมุดวิทยาเขตสวรรค์ประชารักษ์
►หนังสือทั่วไป
บนชั้น
8. Book การพยาบาล
Book การพยาบาล
WY152.5 ม647 ฉ.7 
  Barcode: 007939
ห้องสมุดวิทยาเขตสวรรค์ประชารักษ์
►หนังสือทั่วไป
บนชั้น
9. Book การพยาบาล
Book การพยาบาล
WY152.5 ม647 ฉ.8 
  Barcode: 007940
ห้องสมุดวิทยาเขตสวรรค์ประชารักษ์
►หนังสือทั่วไป
บนชั้น
10. Book การพยาบาล
Book การพยาบาล
WY152.5 ม647 ฉ.9 
  Barcode: 007941
ห้องสมุดวิทยาเขตสวรรค์ประชารักษ์
►หนังสือทั่วไป
บนชั้น

รายการใกล้เคียง
    หัวเรื่อง [การใช้สายสวนหลอดเลือดดำส่วนกลาง -- การพยาบาล]
    หัวเรื่อง [การใช้สายสวนหลอดเลือดดำส่วนกลาง -- วิธีการ]

BibComment


ยังไม่เคยถูกคอมเมนท์

คอมเมนท์ทรัพยากรรายการนี้
  คอมเมนท์: มาตรฐานการปฏิบัต..


 Copyright 2026. Bcnsprnw @Library